Területi statisztikai évkönyv 1986

Guardado en:
Detalles Bibliográficos
Formato: Libro
Lenguaje:húngaro
Publicado: Budapest Statisztikai Kiadó Vállalat 1987
Materias:
Etiquetas: Agregar Etiqueta
Sin Etiquetas, Sea el primero en etiquetar este registro!

MARC

LEADER 00000nam a2200000 4500
001 c032172
005 20250207074909.1
041 0 |a hun 
044 |a HU 
245 1 0 |a Területi statisztikai évkönyv 1986 
264 1 |a Budapest  |b Statisztikai Kiadó Vállalat  |c 1987 
300 |a 232 s. 
610 2 0 |a Maďarsko 
610 2 0 |a štatistika regionálna